[Event "Muensterland Verbandsklasse-B 0405"]
[Site "Muensterland"]
[Date "2005.02.12"]
[Round "6.8"]
[White "Gerke, Matthias"]
[Black "Bartsch, Rainer"]
[Result "0-1"]
[WhiteElo "1727"]
[BlackElo "1782"]
[PlyCount "46"]
[EventDate "2004.09.11"]
[EventType "team"]
[EventRounds "9"]
[EventCountry "GER"]
[SourceTitle "EXT 2006"]
[Source "ChessBase"]
[SourceDate "2005.11.24"]
[SourceVersion "1"]
[SourceVersionDate "2005.11.24"]
[SourceQuality "1"]
[WhiteTeam "Telgte"]
[BlackTeam "Saerbeck II"]
[WhiteTeamCountry "GER"]
[BlackTeamCountry "GER"]

1. d4 f5 2. c4 Nf6 3. Nf3 e6 4. Nc3 Be7 5. Bg5 d5 6. e3 c6 7. Be2 Nbd7 8. a3 a5 9. c5 Ne4 10. Bxe7 Qxe7 11. Nd2 e5 12. 0-0 0-0 13. f3 Nxc3 14. bxc3 exd4 15. exd4 Qe3+ 16. Kh1 Qxc3 17. Rc1 Qxd4 18. Nb3 Qh4 19. f4 Nf6 20. Nd4 Ne4 21. Kg1 Qe7 22. Qd3 Nxc5 23. Qc2 Qe3+ 0-1

[Event "Muensterland Verbandsliga 0203"]
[Site "Muensterland"]
[Date "2003.04.26"]
[Round "9.7"]
[White "Gerke, Matthias"]
[Black "Knispel Roth, Martin"]
[Result "0-1"]
[WhiteElo "1430"]
[BlackElo "1932"]
[PlyCount "78"]
[EventDate "2002.09.21"]
[EventType "team"]
[EventRounds "9"]
[EventCountry "GER"]
[SourceTitle "EXT 2004"]
[Source "ChessBase"]
[SourceDate "2003.11.25"]
[SourceVersion "1"]
[SourceVersionDate "2003.11.25"]
[SourceQuality "1"]
[WhiteTeam "Telgte"]
[BlackTeam "Emsdetten Turm II"]
[WhiteTeamCountry "GER"]
[BlackTeamCountry "GER"]

1. d4 e6 2. c4 Bb4+ 3. Bd2 Qe7 4. Nf3 Nf6 5. e3 b6 6. a3 Bxd2+ 7. Nbxd2 Bb7 8. Bd3 d6 9. Qc2 Nbd7 10. 0-0 0-0 11. Rac1 e5 12. d5 a5 13. Ng5 g6 14. f4 exf4 15. exf4 Qe3+ 16. Kh1 Nc5 17. Be4 Ng4 18. g3 Qe2 19. Nb3 Qxc2 20. Bxc2 Nxb3 21. Bxb3 Rfe8 22. Rfe1 Nf2+ 23. Kg1 Nd3 24. Rxe8+ Rxe8 25. Ba4 Re2 26. Rc3 Nxb2 27. Bc2 Ba6 28. Bb3 a4 29. Bc2 Bxc4 30. Bxa4 Nxa4 31. Rxc4 Nc5 32. a4 Ra2 33. Rc3 h6 34. Nf3 Rxa4 35. Nd2 Rd4 36. Nb3 Nxb3 37. Rxb3 Rxd5 38. Ra3 b5 39. Ra7 Rc5 0-1